000 00795cam a22002534a 4500
005 20160419083311.0
008 010404t2000 caua fr 001 0 eng
020 _a0782129781
040 _aDLC
_cDLC
_dDLC
041 0 _aeng
042 _apcc
044 _axxu
082 0 4 _a005.133
_bG39v
100 1 _aGetz, Ken.
245 1 0 _aVBA developer's handbook /
_cKen Getz, Mike Gilbert.
250 _aSegunda edición
260 _aSan Francisco :
_bSybex,
_cc2000.
300 _axxx, 1073 páginas :
_bilustraciones ;
_c23 x 19 centímetros +
_e1 CD-ROM (4 3/4 in.)
500 _aIncluye índices.
630 1 4 _aMicrosoft Visual Basic para aplicaciones.
650 0 _aAplicación informática
_xDesarrollo.
700 1 _aGilbert, Mike.
_eautor
942 _2ddc
_cLIBRO
999 _c2735
_d2735